Mixed Word: Common Bond XXVII Quiz Stats

 Plays Quiz Updated Mar 30, 2018

Challenge
Share
Tweet
Embed
Score 0/13 Timer 02:00
1 Play Today
Hint Answer % Correct
CKIUQQuick
97.4%
MITHSSmith
95.3%
GIRNRing
90.4%
RUPSSpur
87.4%
GONTUETongue
82.2%
LEDMAMedal
77.2%
INLNIGLining
77.1%
LARDOLDollar
75.3%
LETLUBBullet
72.2%
REFRUSSurfer
60.4%
NOLGHOJNLong John
59.4%
Word in common with all of the above:Silver
58.1%
KAERTSStreak
51.4%

You're not logged in!

Compare scores with friends on all Sporcle quizzes.
Join for Free
OR
Log In

You Might Also Like...

Show Comments

Extras

Top Quizzes Today


Score Distribution

Your Account Isn't Verified!

In order to create a playlist on Sporcle, you need to verify the email address you used during registration. Go to your Sporcle Settings to finish the process.

Report this User

Report this user for behavior that violates our Community Guidelines.

Details: